000
00292nam a22001337a 4500
020
_a
9381226563
041
_a
ENG
100
_a
Patil.R.T
245
_a
Innovations In Food Processing
260
_a
Delhi
_b
Satish Serial Pub
_c
1996
300
_a
259
650
_a
APE
856
_u
APE ( 03 )
999
_c
1685
_d
1685